Economic diplomacy (Record no. 406204)

000 -LEADER
fixed length control field 00391cam a22001457a 4500
008 - FIXED-LENGTH DATA ELEMENTS--GENERAL INFORMATION
fixed length control field 180718b2006 xxu||||| |||| 00| 0 eng d
020 ## - INTERNATIONAL STANDARD BOOK NUMBER
International Standard Book Number 812200721X
082 ## - DEWEY DECIMAL CLASSIFICATION NUMBER
Classification number T39 K528
245 ## - TITLE STATEMENT
Title Economic diplomacy
Statement of responsibility, etc. edited by I.P. Khosla
260 ## - PUBLICATION, DISTRIBUTION, ETC.
Place of publication, distribution, etc. Delhi
Name of publisher, distributor, etc. Konark
Date of publication, distribution, etc. 2006
300 ## - PHYSICAL DESCRIPTION
Extent 268p.
650 ## - SUBJECT ADDED ENTRY--TOPICAL TERM
Topical term or geographic name entry element International trade
650 ## - SUBJECT ADDED ENTRY--TOPICAL TERM
Topical term or geographic name entry element International economic relations
700 ## - ADDED ENTRY--PERSONAL NAME
Personal name Khosla, I.P.
Holdings
Withdrawn status Lost status Damaged status Not for loan Permanent Location Current Location Date acquired Full call number Barcode Date last seen Price effective from Koha item type
        Indian Institute of Public Administration Indian Institute of Public Administration 2006-11-30 T39 K528 81544 2018-07-21 2018-07-21 Book

Powered by Koha